000 00519nam a22001817a 4500
005 20251108175718.0
008 250721s2016 xx 000 0 ara d
082 1 4 _aط/ق/ناص
100 1 _aناصر، امل
245 1 0 _aوحش القصص /
264 1 _aلبنان :
_bدار البنان،
_c2016.
300 _a21ص.
650 1 7 _aالقص القصيره
653 _aاطفال مرحلة متوسطة(6-9)سنه
700 1 _aسليمان، هشام
_eرسام
942 _2ddc
_cBK
999 _c140620
_d140620